000
00349nam a2200157Ia 4500
008
230605s2005 xx 000 0 und d
041
_a
eng
100
_a
Flanagam
245
_a
The Management bible
260
_b
New Holland Pub
_c
2005
300
_a
623
365
_b
1271
_h
15
500
_a
1796
520
_a
Reference Copy
650
_a
M.M.
999
_c
418649
_d
418649